[Event "Hotel Agro GM"]
[Site "Budapest"]
[Date "1999.08.03"]
[Round "5"]
[White "Varga, Zoltan"]
[Black "Acs, Peter"]
[Result "1/2-1/2"]
[WhiteElo "2541"]
[BlackElo "2525"]
[Annotator "Mikhalevski,V"]
[PlyCount "176"]
[EventDate "1999.08.05"]
[EventType "tourn"]
[EventRounds "9"]
[EventCountry "HUN"]
[EventCategory "10"]
[SourceTitle "CBM 073"]
[Source "ChessBase"]
[SourceDate "1999.12.01"]
[SourceVersion "1"]
[SourceVersionDate "1999.12.01"]
[SourceQuality "1"]

1. e4 {Hecht} e5 2. Nf3 Nc6 3. d4 exd4 4. Nxd4 Bc5 5. Nxc6 Qf6 6. Qd2 bxc6 (
6... dxc6 {Nowadays this capture is much more popular than 6...bc.}) 7. Bd3 d6
{Very rare idea.Usually Black prefers 7...Ne7} (7... d5 8. O-O Ne7 9. Qf4 Qxf4
10. Bxf4 dxe4 11. Bxe4 Bd6 12. Bxd6 cxd6 13. Re1 Be6 14. Nd2 Rb8 15. b3 h6 16.
Nf3 c5 {1/2-1/2 Timman,J-Spassky,B/Wijk aan Zee 1998/EXT 99 (16)}) (7... Ne7 8.
O-O O-O {[%cal Gd7d5] is the main line}) (7... Nh6 8. O-O O-O 9. Nc3 d6 10. Qg5
{The same idea with h3 played instead of Nc3 has occuried in the Varga-Acs
game.} Qxg5 11. Bxg5 Ng4 12. h3 Ne5 13. Be2 f5 14. Na4 Nf7 $5 15. Bc4 Bd4 16.
c3 Bb6 $14 {0-1 Ionescu,D-Tikhomirov,S/Bucharest ROM 1999 (47)}) 8. O-O Nh6 (
8... Ne7 9. Nc3 Ng6 (9... O-O 10. e5 $1 Qe6 (10... Qxe5 11. Re1 Qf6 12. Ne4 Qh4
13. g3 $18) (10... dxe5 11. Ne4 {[%csl Rc5,Rf6]}) 11. exd6 Qxd6 12. Ne4 Qd5 13.
Qg5 $1 Qxg5 14. Bxg5 h6 15. Bxh6 $1 Bxf2+ 16. Rxf2 gxh6 17. Nf6+ Kh8 (17... Kg7
$142) 18. Nh7 Re8 19. Rxf7 h5 20. Nf6 {1-0 Ciganikova,A-Quinn,D/Pula 1997/CBM
57 ext (20)}) 10. Na4 Bb6 11. Nxb6 axb6 $14 {1/2-1/2 Pinter,G-Shishkim,V/
Budapest 1997/CBM 61 ext (59)}) 9. h3 O-O 10. Qg5 $146 (10. Nc3 $5 Qg6 11. Qg5
f5 12. Qxg6 hxg6 13. exf5 Bxf5 14. Ne4 Bd4 15. g4 Bd7 16. c3 Bb6 17. Ng5 Rf6
18. Kg2 Nf7 19. Nxf7 Kxf7 20. Bg5 Re6 21. Rfe1 Rae8 22. Kf1 Rh8 23. h4 Rf8 24.
f3 Kg8 {Marciano,D-Mitkov,N/Toulouse 1996/CBM 57 ext/1-0 (60)}) 10... Qxg5 11.
Bxg5 f5 (11... Rb8 $5 12. b3 f5) 12. Bxh6 gxh6 13. Nc3 (13. Nd2 $142 Rb8 $140
14. Nb3 fxe4 $6 15. Bxe4 Ba6 16. Nxc5 $1 dxc5 (16... Bxf1 17. Nd7 Ba6 18. Nxf8
Kxf8 (18... Rxf8 19. Bxc6 $16) 19. b3 c5 20. Bxh7 $16) 17. Rfb1 $16 {and White
is better thanks to the better pawn structure.}) (13. exf5 $6 Bxf5 14. Bxf5
Rxf5 $15 {[%csl Rf2]}) 13... f4 {[%cal Gf4f3]} (13... Rb8 $5 14. Na4 Bd4 15. c3
Be5 $5 $13) 14. Rad1 {[%cal Gc3a4]} Kg7 {[%cal Gf4f3]} (14... Be6 $5) (14... f3
$5 15. Na4 Bb6 (15... Bd4 $2 16. Bc4+ {[%cal Rd1d4,Rc4g8]})) 15. Be2 {[%csl
Gd4,Gf3][%cal Gc3a4] preventing f3 and preparing Na4} Re8 {[%csl Re4]} 16. Bf3
{[%cal Gc3a4,Gc3e2]} Re5 (16... a5 $5 {with the idea to meet} 17. Na4 {with}
Ba7) 17. Ne2 Ba6 18. Nxf4 $1 {[%mdl 512] An interesting sacrifice.White gets
pawn and better pawn structure for exchange and Black has to look for his
c6-pawn which immediately become easy target for the White's knight.} (18. Rfe1
Bxe2 $11 (18... Rf8 $143 19. Nd4 $14)) 18... Bxf1 19. Kxf1 {[%cal Gf4d3]} Re7 (
19... Bb6 20. Nd3 Re6 (20... Ra5 21. a3) 21. Nb4 c5 22. Nc6 $1 Rf8 23. a4 {
[%csl Rb6][%cal Ga4a5]} a5 (23... c4 $2 24. a5 Bc5 25. b4 cxb3 26. cxb3 {
[%csl Rc5][%cal Gb3b4]} Ba3 27. Nxa7 $16) 24. Rd5 $14) 20. Nd3 Bd4 (20... Rb8
$5 21. c3 a5 22. e5 Rb6 23. g3 $14 {[%cal Gf3g4,Gf2f4]}) 21. Nb4 Bxb2 22. Nxc6
Rf7 (22... Ree8 23. Rb1 Bf6 24. Rb7 $16) 23. e5 $1 {Nice tactical blow.White
is making use of unfortunate position of Black's rook on the big diagonal.} Re8
{Acs decides to give an exchange back in order to relieve the defence.} ({After
} 23... Rff8 24. Rb1 $1 {arises endgame with the bishops of opposite colours
while White is two pawns up.} (24. exd6 cxd6 25. Rxd6 Rac8 $14) 24... Bc3 25.
Rb3 (25. Rb7) 25... Ba1 26. Rb7 {[%csl Rc7]} dxe5 27. Rxc7+ (27. Bd5 $5 $16)
27... Rf7 28. Rxf7+ Kxf7 29. Nxe5+ Bxe5 30. Bxa8 $16 {and it's difficult to
say whether Black can keep the position.}) 24. Bh5 {This move could wait.} ({
After} 24. exd6 $142 $1 {Black has to make difficult decision either keep an
exchange allowing White developing of strong initiative or play an endgame a
pawn down.} Rd7 (24... cxd6 25. Bh5 Rc8 26. Bxf7 Rxc6 27. Bb3 $16) 25. Rb1 Bf6
26. Rb7 (26. Ne7 Bxe7 27. Bc6 Rxd6 28. Bxe8 Rd2 29. Rb7 Rxc2 30. Rxa7 Rxf2+ $11
) 26... Rxd6 27. Rxc7+ $16) 24... Bxe5 25. Bxf7 (25. Rd3 $5 {[%csl Ra7,Rc7]
[%cal Gd3a3]}) (25. Re1 $5 Kf8 26. Bxf7 Kxf7 27. Re3 {[%cal Ge3a3]}) 25... Kxf7
26. Re1 $6 {Loss of important tempo.} (26. Rd3 $142 $5 {[%csl Ra7,Rc7][%cal
Gd3a3]}) 26... a6 27. Re3 Bf6 28. Rxe8 $6 (28. Ra3 $142 {White should keep the
rooks first to prevent possible counterplay and secondly just because his rook
is more active.}) 28... Kxe8 29. Ke2 Kd7 30. Nb4 a5 31. Nd5 Bh8 32. Kd3 c6 33.
Ne3 d5 34. a4 h5 $1 {In according to the endgame rules Acs puts his pawn on
the square of opposite to his bishop colour.} 35. c3 Ke6 {The pawn centre and
strong bishop compensate defect of pawn structure.} 36. Nc2 Kd6 37. Ne1 Bg7 38.
Nf3 Bf6 39. g3 Bd8 (39... Ke6 40. Nd4+ Bxd4 {is dangerous as the pawn ending
is most likely won for White.} 41. cxd4 $16) 40. Nd4 c5 $1 {Correct decision.
Black shouldn't be afraid of 42.c4 as he gets sufficient counterplay.} 41. Nb5+
Ke5 42. Ke3 (42. c4 {[%csl Rc5] fixing the weakness on c5 looks strong,but
after} dxc4+ $1 43. Kxc4 Ke4 {[%csl Rf2,Rg3,Rh3][%cal Ge4f3] Black keeps
equality.}) 42... c4 43. f4+ Ke6 44. Nd4+ Kf6 45. Kf3 Kf7 {[%cal Gd8f6]} (45...
Bb6 $5) 46. f5 $6 {[%csl Re5] It wasn't necessary to weaken pawns of the king
side.Now initiative passes to Black.} (46. g4 $142) 46... Bf6 47. Ne2 Ke7 {
[%cal Ge7d6]} 48. g4 hxg4+ 49. hxg4 h6 $5 50. Ke3 (50. Kf4 $142 Kd6 51. Kf3 Ke5
$140 52. Nd4) 50... Bg5+ 51. Kf3 ({But not} 51. Kd4 $2 Kd6 $22 $17 {[%cal
Gg5f6]}) 51... Bd2 $5 52. Kf2 (52. Nf4 $5 {leads to a drawish pawn endgame in
all lines .} Kd6 (52... Bxf4 $2 53. Kxf4 Kf6 54. Kf3 Kf7 55. Ke3 Ke7 56. Kd4
Kd6 57. f6 Ke6 58. f7 Kxf7 59. Kxd5 Kg6 60. Kxc4 Kg5 61. Kd5 Kxg4 62. c4 $18)
53. f6 (53. Ne2 Ke5) 53... d4 (53... Bxf4 54. Kxf4 d4 $1 55. cxd4 (55. f7 Ke7
56. cxd4 Kxf7 57. Ke4 Ke6 58. d5+ Kd6 59. Kd4 c3 60. Kxc3 Kxd5 61. Kd3 $11)
55... Ke6 56. d5+ Kxf6 57. Ke4 c3 58. Kd3 Ke5 59. Kxc3 Kxd5 60. Kd3 $11) 54. f7
Ke7 55. Nd5+ Kxf7 56. cxd4 c3 57. Ke2 Kg6 58. Ne3 Kg5 59. d5 Bxe3 60. Kxe3 Kf6
61. Kd3 Ke5 62. Kxc3 Kxd5 63. Kd3 $11) 52... Kf6 53. Kg3 Kg5 54. Kf3 h5 (54...
Kf6 $11) 55. gxh5 Kxf5 56. Nd4+ Kg5 (56... Kf6 57. Nb5 Kg5 58. Ke2 Bf4 59. Nd4
Kxh5 60. Nc6 $11 {[%csl Ra5][%cal Gc6e7]}) 57. Ne6+ Kf5 (57... Kh6 $142 58. Nf4
d4 59. Nd5 dxc3 (59... d3 60. Nb6 Bxc3 61. Nxc4 $11) 60. Ke2 Kxh5 61. Kd1 Kg4
62. Nb6 $11) 58. Nd4+ Kf6 (58... Kg5 $11) 59. Nb5 Ke5 $1 (59... Kg5) 60. Ke2
Bg5 61. Nd4 Ke4 $2 {[%mdl 8192] loses a pawn.} (61... Bh6 $142 62. Nc6+ Kd6 63.
Nxa5 $140 $2 (63. Nd4 Ke5 $11) 63... Kc7 {[%csl Ra5][%cal Gc7b6]}) 62. Nc6 Bh6
63. Nxa5 d4 64. Nxc4 dxc3 65. Na3 Kd4 66. Nb5+ Kc4 67. Nxc3 $1 Kb4 {
Fortunately Black keeps the position as White can't make progress without
giving up the a-pawn.} (67... Kxc3 $4 68. a5 $18) 68. Kd3 Bg7 69. Kc2 Bh6 (
69... Bxc3 $4 70. a5 $18) 70. Kd3 Bg7 71. Ne2 Kxa4 {Hecht: '[#] Laut
Endspiel-CD ist das Endspiel remis. Es gibt keine Stelle, an der sich an
dieser Bewertung irgend etwas ändert.'} 72. Ke4 Bh6 73. Nd4 Kb4 74. Ne6 Kb5 75.
Kf5 Kc6 76. Kg6 Bc1 77. Ng5 Kd7 78. h6 Ke8 {Hecht: '[#]'} 79. h7 {Hecht:
'Macht keinen Sinn. Zuerst muß der König nach g8, um überhaupt Gewinnchancen
mittels Sg7 geltend machen zu können. Freilich lesen wir bei John Nunn in
"Secrets of Minor-Piece Endings" auf Seite 88ff, dass Weiß normalerweise nur
gewinnen kann, wenn sein König die f-Linie hält, um zwischen f7 und f8
manövrieren zu können. der schwarze König steht dann zwangsläufig auf der
d-Linie. Siehe dazu den Teil einer Studie von Horwitz, 1885 (Endspiel Nr. 40).'
} (79. Kg7 {Hecht} Bb2+ 80. Kg8 {[%cal Rg5e6,Re6g7]} Ke7 (80... Bc1 81. h7 Bb2
82. Ne6 Bh8 83. Nf4 Ba1 84. Nh5 Bh8 85. Ng7+ Ke7 86. Kxh8 Kf8) 81. Nh3 Bc1 $1
82. h7 Bb2 83. Nf4 Ba1 84. Nh5 Bh8 85. Kxh8 Kf7 $11 {Diese Varianten werden
von der Endspiel-CD bestätigt.}) 79... Bb2 {This position is a theoretical
draw so futher attempts of White are useless.} 80. Nf7 Ba1 81. Nh6 Kf8 82. Ng4
Ke7 83. Nh6 Kf8 84. Nf5 Bb2 85. Ng3 Ba1 86. Nh5 {[%cal Gh5f6]} Bh8 $8 87. Nf4
Ke7 88. Nh5 Kf8 1/2-1/2

[Event "RUS-Cup07"]
[Site "Tomsk"]
[Date "1998.07.19"]
[Round "5"]
[White "Morozevich, Alexander"]
[Black "Salinnikov, Denis Y"]
[Result "1-0"]
[WhiteElo "2590"]
[BlackElo "2370"]
[Annotator "Mikhalevski,V"]
[PlyCount "60"]
[EventDate "1998.07.15"]
[EventType "swiss"]
[EventRounds "9"]
[EventCountry "RUS"]
[SourceTitle "CBM 067"]
[Source "ChessBase"]
[SourceDate "1998.11.30"]
[SourceVersion "2"]
[SourceVersionDate "1998.11.01"]
[SourceQuality "1"]

{[%mdl 60]} 1. e4 e5 2. Nf3 Nc6 3. d4 exd4 4. Nxd4 Nf6 5. Nxc6 bxc6 6. e5 Qe7
7. Qe2 Nd5 8. c4 Ba6 9. b3 g6 10. f4 {has become popular after Kasparov-Karpov
Tilburg 1991} Bg7 (10... Qb4+ {Karpov's novelty which he tried against Gelfand
in Linares in 1992.} 11. Bd2 Qb6 12. Qe4 {Gelfand has played 12.Nc3.} Nb4 $6 (
12... f5 $142 $1) 13. Nc3 Bb7 14. a3 f5 15. Qb1 Na6 16. b4 d6 17. c5 {1-0
Pavasovic,D-Rogulj,B/Dresden 1998/ see my comments in CBM 65_03 (17)}) ({
Despite Karpov's failure in Tilburg in 1991 against Kasparov} 10... f6 $5 {
as after} 11. Ba3 Qf7 12. Qd2 Nb6 13. c5 Bxf1 14. cxb6 {Black can follow
Kasparov's recommendation} Ba6 {instead of Karpov's 14...ab?} 15. bxc7 fxe5 16.
Qa5 Qxf4 $1 17. Qxa6 Qh4+ $3 18. Kd1 (18. g3 Qe4+ 19. Kf2 Bxa3 $17) 18... Qd4+
19. Nd2 (19. Kc2 Qe4+) 19... Bxa3 20. c8=Q+ Rxc8 21. Qxc8+ Ke7 22. Qxh8 Qxa1+
23. Ke2 Qxh1 24. Qxe5+ Kf7 25. Qf4+ $10 {Kasparov}) 11. Qf2 {The main line of
10...Bg7 variation.} ({Other moves can't be recommended.} 11. Qe4 f5 12. Qe2
Nb4 13. Qd2 c5 14. Nc3 d6 15. a3 Nc6 16. Nd5 Qf7 17. Bb2 dxe5 18. fxe5 O-O 19.
O-O-O Rab8 20. Kc2 Nxe5 $17 {1/2-1/2 Kjeldsen,J-Ochsner,T/DEN 1991/EXT 97 (63)}
) (11. Qf3 Nb4 12. Qc3 c5 13. Be2 f6 $142 $1 (13... Qh4+ 14. g3 Qh3 15. Bf3 $13
{1/2-1/2 Vatanski,A-Sorsa,N/FIN-chJ U16 1996/EXT 97 (36)})) 11... Nf6 (11...
Nb6 {also was tried.}) 12. Be2 (12. Bd3 $2 {is bad in view of} Ng4 13. Qe2 Nxe5
$1 14. fxe5 Qxe5 (14... Bxe5 $5) 15. Nc3 Qxe2+ 16. Kxe2 Bxc3 $17 {0-1 Turzo,
A-Jakovenko,D/Budapest 1995/EXT 95b (42)}) 12... Ne4 (12... d6 13. Bf3 O-O 14.
O-O Bb7 15. Bb2 Nd7 16. exd6 cxd6 17. Bxg7 Kxg7 18. Nc3 $14 {1/2-1/2 Van der
Wiel,J-Beliavsky,A/Groningen 1994/CBM 45 (38)}) (12... O-O 13. Bb2 (13. Bf3 $5)
13... Ne8 (13... Ne4 $5 14. Qe3 f5) 14. O-O f6 15. Ba3 d6 16. exd6 cxd6 17. Bb2
f5 18. Bxg7 Qxg7 19. Nd2 Nf6 20. Bf3 d5 $11 {0-1 Grosar,K-Vedenina,O/Halle
1995/EXT 95ch (57)}) 13. Qe3 f5 14. Ba3 $1 $146 {It's clearly better than two
other options.} (14. Nd2 d5 {0-1 Sandor,C-Petran,P/Budapest 1995/EXT 97 (26)}
15. Nxe4 $5) (14. Bf3 d5 15. O-O O-O $2 (15... Qe6 $5) 16. Bxe4 fxe4 17. Ba3
$18 {0-1 Van der Veen,H-Lytchak,B/NRW-Liga II 1996/NRW-II (37)}) 14... Qe6 $6 (
14... d6 $142 $1 {[%cal Gc6c5]} 15. Nd2 Nxd2 16. Qxd2 O-O-O $14 (16... Bb7 $5))
15. Nd2 Nxd2 (15... d5 $6 16. Nxe4 fxe4 17. Rc1 $1 $16 {[%cal Gc4d5]}) 16. Qxd2
O-O-O (16... d6 17. Qa5 $16) (16... Bb7 17. Qa5 O-O-O {see 16...0-0-0}) 17. Qa5
Bb7 $8 (17... Kb7 $2 18. Rc1 $1 $18 {[%cal Gb3b4,Gb4b5]} d6 (18... d5 19. cxd5
$18) 19. b4 $18) 18. O-O $1 (18. Qxa7 d6 $132) 18... Kb8 $2 (18... d6 $142 19.
Bb2 $1 $14 (19. exd6 $2 cxd6 20. Rae1 (20. Bf3 $142) 20... Qe3+ 21. Kh1 Bc3))
19. Bc5 {Now bishop brings up the diagonal a7-g1 and black's position is
getting difficult.} a6 20. Bf2 $1 $16 {[%cal Ga5c5,Gc5a7] Preparing Qa5-c5-a7
and then c5.} d6 $8 (20... g5 21. Qc5 gxf4 22. Rad1 (22. Qa7+ Kc8 23. c5 $18 {
[%csl Rc8][%cal Ge2a6]})) 21. exd6 $1 cxd6 (21... Bxa1 $2 22. dxc7+ Kc8 23.
cxd8=Q+ Rxd8 24. Rxa1 $18 {[%csl Rc8]}) 22. Rae1 Qd7 23. b4 {Attack on the
queen side decides the game as black doesn't have any counter chances.} (23. c5
$5 {[%cal Ge2a6]}) 23... Rde8 24. b5 Qc7 25. b6 $1 {[%cal Gc4c5] Now White
gets positionally winning position as bishop on b7 is out of play and queen
has to stand on c8 defending the a6 pawn.White simply changes black square
bishops and the rest is out of interest.} Qc8 26. c5 $1 {[%csl Ra6,Rb7]} d5 27.
Bd3 $18 {[%cal Ga5a4,Gf2d4] preparing Bd4} Re4 28. Bxe4 fxe4 29. Qd2 Qf8 30.
Bd4 Bf6 {If Black doesn't resign White would continue 31.Qc3 fully dominating
on the board.} 1-0

[Event "Rubinstein Memorial 36th"]
[Site "Polanica Zdroj"]
[Date "1999.08.26"]
[Round "9"]
[White "Sutovsky, Emil"]
[Black "Onischuk, Alexander"]
[Result "0-1"]
[WhiteElo "2587"]
[BlackElo "2657"]
[Annotator "Mikhalevski,V"]
[PlyCount "73"]
[EventDate "1999.08.17"]
[EventType "tourn"]
[EventRounds "9"]
[EventCountry "POL"]
[EventCategory "15"]
[SourceTitle "CBM 073"]
[Source "ChessBase"]
[SourceDate "1999.12.01"]
[SourceVersion "1"]
[SourceVersionDate "1999.12.01"]
[SourceQuality "1"]

1. e4 e5 2. Nf3 Nc6 3. d4 exd4 4. Nxd4 Bb4+ {A. Miles' speciality and a rare
guest in the modern practice.Main lines are 4...Nf6 and 4...Bc5} (4... Bc5 5.
Be3 Bb6 6. c3 Nge7 (6... d6 7. Bb5 Nge7 8. Nd2 O-O 9. O-O f5 10. exf5 Nxd4 11.
Bxd4 Bxd4 12. cxd4 Bxf5 13. Nf3 Ng6 14. Bd3 Kh8 15. Rc1 c6 16. Rc3 Nf4 17. Bc2
Bg4 18. Re1 Qf6 19. Rce3 Nh3+ 20. Kf1 Qh4 21. Qe2 Qh5 22. Qd3 Nf4 23. Qe4 Nxg2
{0-1 Fleissig,P-Alekhine,A/Bern 1922/EXT 99 (23)}) 7. f4 f5 8. Nd2 d6 9. Bd3
O-O 10. O-O Bd7 11. N2f3 d5 12. exd5 Nxd5 13. Bc4 Be6 14. Nxe6 Bxe3+ 15. Kh1
Qd6 16. Nxf8 Kxf8 17. Qxd5 Qxd5 18. Bxd5 Ne7 19. Bb3 Ng6 20. Ng5 {1-0 Van
Foreest,D-Siebenhaar,W/Gouda 1884/HCL (20)}) 5. c3 Bc5 6. Be3 {[%cal Gd4c6]} ({
Kasparov's} 6. Nxc6 bxc6 7. Bd3 {carry more conviction:} Qh4 $6 8. Qe2 Nf6 9.
h3 O-O 10. g3 Qh5 11. g4 Qe5 12. g5 Nxe4 $2 13. Bxe4 Re8 14. Bf3 Qxe2+ 15. Bxe2
Ba6 16. c4 Bxc4 17. Nc3 Rab8 18. Kf1 Be6 19. b3 f6 20. gxf6 Bd4 21. Bb2 Bxf6
22. Na4 Bh4 23. Nc5 Rf8 24. Rh2 Bxh3+ 25. Kg1 Rbe8 26. Nxd7 Bxf2+ 27. Rxf2 Bxd7
28. Bc4+ Be6 29. Rxf8+ Kxf8 30. Rf1+ Ke7 31. Bxe6 {1-0 Kasparov,G-Leko,P/
Tilburg 1997/CBM 61/[ChessBase] (31)}) 6... Bb6 {The same position with Black
to move is known from the last century and Alekhine's simultaneous game.See 4..
.Bc5.} 7. Nxc6 $146 {A new continuation which doesn't allow to hope on the
opening advantage.Almost all other possible moves were already tried.Probably
White has to look for advantage in 7.Nf5!?.See Ivanchuk's game.} (7. Nd2 Nge7 (
7... Nf6 8. Nxc6 bxc6 9. Bg5 h6 10. Bh4 O-O 11. Bd3 Re8 {1/2-1/2 Borgo,
G-Godena,M/Bozen 1998/CBM 65 ext (11)}) 8. Nc4 Bxd4 9. Bxd4 O-O 10. Bd3 d5 11.
Ne3 Nxd4 12. cxd4 dxe4 13. Bxe4 f5 14. Bf3 f4 15. Qb3+ Kh8 16. Nc2 Nf5 17.
O-O-O a5 18. Rhe1 Ra6 19. d5 Rd6 20. Qc3 b6 21. Nd4 Nxd4 {Hoen,R-Miles,A/
Slough 1997/CBM 62/[Mikhalevski,V]/0-1 (32)}) (7. Nf5 $5 Bxe3 8. Nxe3 Nf6 9. f3
O-O 10. c4 d6 11. Nc3 Nd7 12. Qd2 Nc5 13. Be2 f5 14. exf5 Bxf5 15. Nxf5 Rxf5
16. O-O-O a5 17. Rhe1 Rf7 18. g3 Qd7 19. f4 Nb4 20. b3 Qf5 21. Nb5 Ne4 {
Ivanchuk,V-Morovic Fernandez,I/Cap d'Agde 1998/EXT 99/1/2-1/2 (43)}) (7. Bc4) (
7. Qa4 Nge7 (7... Rb8 8. Nd2 Nge7 9. Be2 O-O 10. O-O d6 11. Nxc6 bxc6 12. Bxb6
axb6 13. f4 f5 14. Bd3 fxe4 15. Nxe4 Bf5 16. Rae1 Qd7 17. Qc2 Rbe8 18. Ng3 Bxd3
19. Qxd3 Nd5 20. f5 Rf7 21. Rxe8+ Qxe8 {Garcia,G-Miles,A/Ubeda op 1997/EXP 56/
1/2-1/2 (54)}) 8. Nd2 O-O 9. O-O-O Nxd4 10. Bxd4 Bxd4 11. Qxd4 d5 12. Nf3 c6
13. exd5 Qxd5 {Van der Wiel,J-Ernst,S NLD-ch 1998/CBM66[Mikhalevski,V]}) 7...
bxc6 8. Bd4 Nf6 9. e5 (9. Bd3 $5) 9... Nd5 10. Bc4 O-O 11. O-O ({In case of} 
11. Bxd5 $6 cxd5 12. Bxb6 axb6 13. Qxd5 Ra5 14. Qd4 Re8 {Black takes
initiative in his hands.}) 11... d6 $1 12. a4 $2 {[%mdl 16384] White doesn't
feel danger.He had to think about developing of his pieces.} ({Again} 12. Bxd5
$6 cxd5 13. Bxb6 axb6 14. Qxd5 Ra5 {can't satisfy White.}) (12. exd6 $142 Qxd6
13. Re1 {[%cal Gb1d2]}) 12... Be6 $1 13. a5 $2 {[%mdl 16384] White follows
principle:"If you said "A" say "B" ."It's not always like that.In the current
case White loses another important tempo which could be used for the
developing of his knight.Now initiative moves to the Black's hands.} (13. Nd2
$142 c5 $140 14. Bxd5 Bxd5 15. Be3 {[%cal Ga4a5]}) 13... Bxd4 14. Qxd4 Qg5 $1
$15 15. Re1 $2 {[%mdl 8192] This is already a decisive mistake.Sutovsky loses
first his central pawn for nothing and then the game.} (15. f4 {was White's
last chance.After} dxe5 16. fxg5 exd4 17. Bxd5 $8 (17. cxd4 $2 Ne3) 17... Bxd5
18. cxd4 {he obtain some chances to equalize:} Rab8 19. Rf2 Rb4 20. Nc3 $1 Be6
$15 (20... Rxd4 21. Nxd5 Rxd5 (21... cxd5 22. Rc1 Rc8 23. Rfc2 {[%csl Ra7,Rc7]}
) 22. Rc2 $132 {[%csl Ra7,Rc6,Rc7]})) (15. exd6 $6 Bh3 (15... Nf4 16. g3 cxd6
17. Re1) 16. Qe4 Nf4 17. g3 Bxf1 18. Bxf1 Nd5 19. c4 Nb4 $1 20. dxc7 Qc1 $1 $15
) 15... Nf4 16. g3 ({Or} 16. Bf1 dxe5 17. Qxe5 Nh3+ 18. Kh1 Nxf2+ $17) 16...
Nh3+ $1 17. Kg2 (17. Kf1 dxe5 {doesn't look better}) 17... c5 {It's suddenly
becomes clear that White has to leave his bishop unprotected.} 18. Qe3 (18. Qd2
Bxc4 19. Kxh3 Qh5+ 20. Kg2 dxe5 $17) (18. Qe4 $2 {is refuted by nice tactical
blow:} d5 $1 19. f4 (19. Bxd5 Bxd5 20. Qxd5 Nf4+ {[%csl Rd5,Rg2]}) 19... Qg4
$19) 18... Bxc4 19. Kxh3 Qh5+ $1 {It's logical to keep queens on the board
because all white squares are weak and White's king feels very uncomfortable}
20. Kg2 Bd5+ (20... Rae8 $5) 21. Kg1 Rae8 22. f4 (22. Qd3 Rxe5 23. Rxe5 Qxe5
24. Nd2 Re8 $19) 22... f6 $1 {Look at the position.All Black men occupy good
attacking positions while White thinks only about losing as less material as
possible.This is the typical result of neglecting principles of developing.}
23. Qd3 $8 Qf7 $1 24. e6 $8 Rxe6 $17 25. Na3 {Finally White develops his
knight,but now it's too late to save the day.} (25. Nd2 Rfe8 26. Rxe6 Qxe6 27.
Rd1 Bc6 $19) 25... Rfe8 26. Rxe6 Qxe6 27. Rd1 (27. f5 $142 Qe4 28. Qxe4 Rxe4
29. Nb5 Re2 $17) 27... Bc6 $1 28. Qc4 (28. b4 Qa2 $1 29. Qc4+ Qxc4 30. Nxc4 Re4
$1 31. Na3 cxb4 32. cxb4 Ba4 33. Rb1 Re3 $19) 28... Qxc4 29. Nxc4 d5 (29... Re4
$5 30. b3 (30. Nd2 Re2 $19) 30... Bb5 31. Nd2 Re2 $19 {[%cal Gb5c6]}) 30. Na3 (
30. Nd2 $5) 30... Re2 31. b4 d4 $1 {[%mdl 64] Decisive break-through.Onischuk
is precise till the very end.} 32. b5 (32. bxc5 Rg2+ 33. Kf1 Ra2 $1 34. Nb1
Rxh2 35. cxd4 $140 Rh1+ 36. Ke2 Bf3+ $19) 32... Bf3 $1 33. cxd4 Rg2+ $1 34. Kf1
Ra2 $19 {[%cal Rf3d1,Ra2a3] The point of 31...d4.White loses a piece.} 35. Rc1
(35. Rd3 Be2+) 35... Rxa3 36. a6 cxd4 37. Kf2 (37. Rxc7 d3 38. Rd7 Ra2 39. Ke1
Re2+ 40. Kf1 d2 $19) 0-1